World Capitals With The Least Vowels - Statistics

General Stats
  • This quiz has been taken 2,933 times
    1,533 since last reset
  • The average score is 31 of 51
Answer Stats
Vowels Answer % Correct
2 London
86%
2 Oslo
85%
2 Rome
83%
1 Bern
81%
2 Lisbon
81%
2 Madrid
81%
2 Paris
81%
1 Minsk
78%
2 Kyiv
77%
2 Berlin
76%
2 Dublin
76%
2 Moscow
76%
2 Riga
75%
2 Lima
74%
2 Tokyo
74%
2 Athens
72%
2 Tallinn
69%
2 Warsaw
68%
2 Rabat
65%
2 Tunis
64%
2 Zagreb
64%
2 Stockholm
62%
2 Brussels
61%
2 Suva
61%
2 Vaduz
61%
2 Baku
60%
2 Tehran
59%
2 Baghdad
58%
2 Doha
58%
2 Dhaka
57%
2 La Paz / Sucre
57%
2 Dakar
54%
2 Dili
54%
2 Muscat
54%
2 Skopje
54%
2 Amman
53%
2 Bangkok
51%
2 Lome
51%
2 Riyadh
51%
2 Accra
49%
2 Male
48%
2 Juba
47%
2 Kabul
47%
2 Bishkek
42%
2 Kingston
40%
2 Tashkent
40%
2 Thimphu
40%
2 Yaren
39%
2 Phnom Penh
33%
2 Banjul
32%
2 Kingstown
29%
No matching quizzes found
Score Distribution
Percent of People with Each Score
Percentile by Number Answered
Your Score History
You have not taken this quiz since the last reset